Whats New Scooby Doo Quiz-Hard Mode - Statistics

General Stats
  • This quiz has been taken 277 times
    93 since last reset
  • The average score is 26 of 111
Answer Stats
Answer % Correct
30 Foot Shaggy
97%
Daphne Blake
97%
Fred Jones
97%
Scooby Doo
97%
Shaggy Rogers
97%
Velma Dinkley
97%
Alien
47%
Mr. B
47%
Snow Creature
47%
Dragon
40%
Glasburgh Dragon
40%
Headless Snowman/Ghost of Blackjack Brody
40%
Roller Ghoster
40%
Faceless Phantom/Ghost of Rip Bannon
37%
Ghosts of the Leland Brothers
37%
Cat Creature
33%
Centaur
33%
Demon Farmer
33%
Gold Monster
33%
Vampire
33%
Zombie Gladiator
33%
Baseball Specter/Ghost of Cab Craig
30%
Dinosaur Spirit
30%
Gibby Norton
30%
Invisible Madman
30%
Mystery Machine/Ghost of Flash Flannigan
30%
Creepy Keeper
27%
Evil Toys
27%
Fish Creature
27%
Jungle Demons
27%
Scooby Snack Monster
27%
Avalanche Anderson
23%
Coral Creature
23%
Gargoyle
23%
Ghost of Hank Banning
23%
Ghost of Rufus Raucous
23%
Melbourne O’Reilly
23%
Motoshondu
23%
Wakumi
23%
Caesar Saladicus
20%
Demon Driver
20%
Frozen Fiend
20%
Gusano Grande
20%
Menacing Metallic Clown
20%
Phylidia Flanders
20%
San Franpsycho
20%
S.H.A.R.I
20%
Terry
20%
Titanic Twist
20%
Toxic Terror
20%
Bob Taylor
17%
Crawdad Mike and Bus Driver
17%
Crissie
17%
Dauntless Skeleton Crew
17%
Janet Lawrence
17%
Marcy
17%
Mummy of Pharoh Scamses
17%
Mystery Inc. Evil Clones
17%
Osomon
17%
Susan Dinwiddie
17%
Thorn
17%
Walter Claphammer
17%
14-Karat
13%
Burr Batson
13%
Cold Steel
13%
Crunchy Granville
13%
Dusk
13%
Heather Lane & Luis Zapeda
13%
Henry & Honey Hunsecker
13%
Jimmy & Cindy
13%
Jingle
13%
Luna
13%
Maize
13%
Professor Pomfrit & Dogbot
13%
Prof. William Fagen Higginson
13%
Steve & Stu Fortescu
13%
Ugo DiRinaldi
13%
Vincent Wong
13%
Wu
13%
Bling Bling
10%
Captain Guzman
10%
Curt & Connie Crunch
10%
Elliot Blender
10%
Flax
10%
Knox
10%
Monroe Hopper
10%
Nancy Chang
10%
Rutie Banez
10%
Crusty McPeet
7%
Danika Leblake
7%
Drill Sergeant Payne
7%
Galina Korzhakov
7%
Grey
7%
J.C. Chasez
7%
J.J. Hakimoto
7%
Mayor Snipper
7%
Meadow, Scar & Skull
7%
Neville Poppenbacher
7%
Penelope Bailey
7%
Susie Smythe
7%
Zeke Zillion, Jack Hunter,Eve De La Fey & Gibby Norton
7%
Col. Henry Thornwald
3%
Jameson Steven Ripley
3%
Laslow Ostwald
3%
Qasl Al-Famir
3%
Spencer Johnson
3%
Verona Dempsey
3%
No matching quizzes found
Score Distribution
Percent of People with Each Score
Percentile by Number Answered
Your Score History
You have not taken this quiz since the last reset